00781nam a22001937a 4500003000900000005001700009008003300026020001500059040002200074245008200096246007900178260011400257300002900371942001200400945002700412952009800439956003300537999001700570DO-SdBNP20180316100550.0180226b 1992 mx a 00| 0 spa d a9682942594 aBPMSUbspacBPMSU00a1er. catálogo de ilustradores de publicaciones infantiles y juveniles, 19911 aPrimer catálogo de ilustradores de publicaciones infantiles y juveniles. aMéxico, D. F. :bConsejo Nacional para la Cultura y las Artes, Dirección General de Publicaciones,c1992. a123 p. :bil. ;c28 cm.  2ddccBK aInventariado, 2018 /LP 00102ddc40708CI-GaBPMETbBPMETd2018-02-26l0pBPMSU18020267r2018-02-26w2018-02-26yBK aLOPEREZb10c20180226hBPMSU c13339d13339